| 000 | 00886nam a22002297a 4500 | ||
|---|---|---|---|
| 008 | 081230t xxu||||| |||| 00| 0 eng d | ||
| 010 | _aENG-92311 | ||
| 020 |
_c140.00 _a9788170756372 |
||
| 035 | _aEN-75844 | ||
| 037 | _bDBAD / PUB | ||
| 040 |
_adpl _bEnglish |
||
| 082 | _a883.08 | ||
| 100 | _aBindhu, P. | ||
| 245 |
_aFuturistic vision in H.G. Wells; the time machine / _cby P. Bindhu |
||
| 260 |
_aTamil Nadu _bKamaraj Publication _c2008 |
||
| 300 |
_a80p. _c20cm (pbk) |
||
| 600 |
_aWells, H. G.(Herbert George), 1866-1946 _xCriticism and interpretation. |
||
| 650 |
_2Time travel _xfiction. |
||
| 650 |
_2Science fiction, English _xfiction. |
||
| 942 |
_2ddc _cEN _mBIN _h883.08 |
||
| 999 |
_c20395 _d20395 |
||